Statistics for Con- Vocabulary Words Quiz

Click here to take the quiz!

General Stats

  • This quiz has been taken 26,175 times
    (20,581 since last reset)
  • The average score is 14 of 22

Answer Stats

Definition Word % Correct
Home for nunsConvent
90%
Ketchup or mustard, for exampleCondiment
90%
Opposite of convexConcave
89%
JailbirdConvict
84%
Admit guiltConfess
83%
What Siamese twins areConjoined
82%
Brain injuryConcussion
80%
InfectiousContagious
75%
To have an idea or to become pregnantConceive
74%
Spanish conqueror of the AmericasConquistador
70%
Preacher's flockCongregation
61%
Member of a haremConcubine
60%
One who is drafted into the militaryConscript
53%
Use upConsume
52%
A very flexible personContortionist
50%
Legally unfit for habitationCondemned
50%
To mix a potionConcoct
47%
To summon using supernatural powersConjure
46%
To recover from sicknessConvalesce
41%
The group of cardinals who elect a new PopeConclave
40%
CoagulateCongeal
37%
Co-leader of the Roman republicConsul
21%

Score Distribution

Percentile by Number Answered

Percent of People with Each Score

Your Score History

You have not taken this quiz since the last reset